|
|
|
|
| LEADER |
01635nam a2200469 i 4500 |
| 001 |
nkc20152706663 |
| 003 |
CZ PrNK |
| 005 |
20161213131448.0 |
| 007 |
ta |
| 008 |
150611s2015 xr a e f 000 0 cze |
| 015 |
|
|
|a cnb002706663
|
| 020 |
|
|
|a 978-80-87372-21-0
|q (vázáno)
|
| 035 |
|
|
|a (OCoLC)918014460
|
| 040 |
|
|
|a OLA001
|b cze
|e rda
|
| 072 |
|
7 |
|a 613
|x Hygiena. Lidské zdraví
|2 Konspekt
|9 14
|
| 080 |
|
|
|a 64
|2 MRF
|
| 080 |
|
|
|a 613
|2 MRF
|
| 080 |
|
|
|a 616-083.98
|2 MRF
|
| 080 |
|
|
|a (035)
|2 MRF
|
| 100 |
1 |
|
|a Formáčková, Lucie,
|d 1978-
|7 jo2015880925
|4 aut
|
| 245 |
1 |
0 |
|a Vybrané kapitoly z péče o zdraví a domov /
|c Lucie Formáčková
|
| 250 |
|
|
|a 1. vydání
|
| 264 |
|
1 |
|a [Praha] :
|b Euroinstitut.eu spol. s r.o.,
|c [2015?]
|
| 300 |
|
|
|a 43 stran :
|b ilustrace (převážně barevné) ;
|c 22 cm
|
| 336 |
|
|
|a text
|b txt
|2 rdacontent
|
| 337 |
|
|
|a bez média
|b n
|2 rdamedia
|
| 338 |
|
|
|a svazek
|b nc
|2 rdacarrier
|
| 500 |
|
|
|a Na obálce nad názvem: Střední škola Euroinstitut
|
| 650 |
0 |
7 |
|a domácnost
|7 ph935889
|2 czenas
|
| 650 |
0 |
7 |
|a péče o zdraví
|7 ph124852
|2 czenas
|
| 650 |
0 |
7 |
|a první pomoc
|7 ph124698
|2 czenas
|
| 650 |
0 |
9 |
|a household
|2 eczenas
|
| 650 |
0 |
9 |
|a health care
|2 eczenas
|
| 650 |
0 |
9 |
|a first aid
|2 eczenas
|
| 655 |
|
7 |
|a příručky
|7 fd133209
|2 czenas
|
| 655 |
|
9 |
|a handbooks and manuals
|2 eczenas
|
| 710 |
2 |
|
|a Střední škola Euroinstitut (Neprobylice, Kladno, Česko)
|7 ko2015867332
|4 isb
|
| 910 |
2 |
|
|a BOA001
|b 2-1349.588
|
| 990 |
|
|
|a BK
|
| 995 |
|
|
|a 01
|
| 991 |
|
|
|b 201507
|c NOV
|e n
|
| 996 |
6 |
|
|b 2610637805
|c 2-1349.588
|l MZK
|r Sklad / do 1 hodiny
|n 0
|p p.v.
|w 001512523
|u 000010
|a 1
|e BOA001
|j MZK50
|s P
|